mysqli: Table './ulib62015/stat_globaluid' is marked as crashed and should be repaired
select id from stat_globaluid where statuid='20260518034928_806'
mysqli: Table './ulib62015/stat_globaluid' is marked as crashed and should be repaired
DELETE FROM stat_globaluid
WHERE id NOT IN (
SELECT id
FROM (
SELECT id
FROM stat_globaluid
ORDER BY id DESC
LIMIT 100
) foo
);
mysqli: Table './ulib62015/stat_globaluid' is marked as crashed and should be repaired
insert into stat_globaluid set
statuid='20260518034928_806',
dt='1779050968',
phpself='/ULIB62015/dublinfull.php',
agent='Mozilla/5.0 AppleWebKit/537.36 (KHTML, like Gecko; compatible; ClaudeBot/1.0; +claudebot@anthropic.com)',
yea='2026',
mon='5',
dat='18',
ip='216.73.216.45'
mysqli: Table './ulib62015/stathist_viewbib_bib_type' is marked as crashed and should be repaired
insert into stathist_viewbib_bib_type set
dat='18' ,
mon='05' ,
yea='2026' ,
statuid='20260518034928_806' ,
head='13399123324' ,
foot='marc' ,
dt='1779050968'
| LEADER : 00000nam 2200000uu 4500 |
| 001 13399123324 |
| 003 ULIB |
| 008 230918s2565||||th 000 0 tha d |
| 099 ^aวจวทก.^bณ321ก 2565
|
| 100 0 ^aณัฐธิดา หลงทอง / กมลทิพย์ แก้วคำ
|
| 245 00 ^aการพัฒนาสื่อความเป็นจริงเสริมสำหรับการบริหารมณีเวชของนักศึกษา หลักสูตรการแพทย์แผนไทยบัณฑิต วิทยาลัยเทคโนโลยีทางการแพทย์และสาธารณสุข กาญจนาภิเษก / ณัฐธิดา หลงทอง / กมลทิพย์ แก้วคำ
|
| 260 ^aนนทบุรี :^bวิทยาลัยเทคโนโลยีทางการแพทย์และสาธารณสุข กาญจนาภิเษก,^c2565
|
| 300 ^a 144 หน้า:^bตาราง;^c30 ซม.
|
| 500 ^aปริญญานิพนธ์นี้เป็นส่วนหนึ่งของการศึกษาตามหลักสูตรการแพทย์แผนไทยบัณฑิต สาขาการแพทย์แผนไทย วิทยาลัยเทคโนโลยีทางการแพทย์และสาธารณสุข กาญจนาภิเษก คณะสาธารณสุขศาสตร์และสหเวชศาสตร์ สถาบันพระบรมราชชนก พ.ศ.2565
|
| 610 00 ^aวิทยาลัยเทคโนโลยีทางการแพทย์และสาธารณสุข กาญจนาภิเษก^xวิจัย
|
| 650 0 ^aการพัฒนาสื่อความเป็นจริงเสริมสำหรับการบริหารมณีเวชของนักศึกษา หลักสูตรการแพทย์แผนไทยบัณฑิต วิทยาลัยเทคโนโลยีทางการแพทย์และสาธารณสุข กาญจนาภิเษก^xวิทยาลัยเทคโนโลยีทางการแพทย์และสาธารณสุข กาญจนาภิเษก.^y
|
| 700 0 ^aอ.ธนภรณ์ ทีเหล็ก / อ.อำพล บุญเพียร,^eอาจารย์ที่ปรึกษา
|
| 710 0 ^aวิทยาลัยเทคโนโลยีทางการแพทย์และสาธารณสุข กาญจนาภิเษก
|
| 945 ^p0^l0^i030621 |
| 999 ^a57097
|
| คุณยังไม่ได้ล็อกอิน คุณสามารถมีกิจกรรมร่วมกับเว็บไซต์ได้ แต่ต้องล็อกอินก่อน :: |
|
|
|
| ลำดับที่ |
ประเภท |
เลขเรียก/บาร์โค้ด |
สถานที่ |
สถานะ |
| 1. |
 งานวิจัย | วจวทก. ณ321ก 2565 Barcode: 030621 | วิจัย | บนชั้น |
|
ยังไม่เคยถูกคอมเมนท์
|
| คอมเมนท์ทรัพยากรรายการนี้ |
|